Sports Quiz

Random Sports Quiz

Mark Teixeira Quiz Stats

 Plays Quiz not verified by Sporcle

Score 0/9 Timer 03:00
0 Plays Today
trivia answer % Correct
What is his current team?Yankees
90.3%
What is his number?25
83.9%
How many teams has he played for?four
80.6%
What state was he born in?Maryland
72%
What Position does he play?first base
71%
When was his MLB debut?2003
69.9%
What college did he go to?Georgia Tech
57%
What is his carrer AVG?.286
38.7%
When was he born?April 11 1980
18.3%

You're not logged in!

Compare scores with friends on all Sporcle quizzes.
OR
Log In

Show Comments

Extras

Created Nov 15, 2010ReportNominate
Tags:mark

Top Quizzes Today


Score Distribution

Your Account Isn't Verified!

In order to create a playlist on Sporcle, you need to verify the email address you used during registration. Go to your Sporcle Settings to finish the process.

Report this User

Report this user for behavior that violates our Community Guidelines.

Details: